000 00716nam a2200265Ia 4500
005 20260302115801.0
008 008 260114s9999 xx 000 0 eng d
020 _a9781509925285
037 _aTextbook
040 _aCRL
040 _beng
040 _cCRL
041 _2eng
041 _aeng
084 _qCRL
100 _aLeone Niglia
_91122648
245 4 _aThe Structural Transformation of European Private Law A Critique of Juridical Hermeneutics
260 _bBloomsbury
260 _bHart Publishing
260 _c2023
650 _aLaw
856 _uhttps://dx.doi.org/10.5040/9781509925285?locatt=label:secondary_bloomsburyCollections
942 _cEBOOK
999 _c1687448
_d1687448